indovina il film dalla copertina - Statistics

Statistiche generali
  • Questo quiz è stato fatto 1.431 volte
  • Il punteggio medio è 12 su 16
Statistiche sulle risposte
con Immagini Risposta % Corretto
avatar
95%
il gladiatore
93%
il padrino
93%
lo squalo
89%
matrix
89%
the wolf of wall street
88%
il signore degli anelli
87%
dune
85%
la la land
84%
pulp fiction
81%
il silenzio degli innocenti
69%
truman show
61%
i pirati dei caraibi
57%
E.T. - l'extraterrestre
56%
metropolis
28%
la donna che visse due volte
13%
Nessun quiz corrispondente trovato
Distribuzione punteggi
Percentuale di utenti per punteggio
Percentile per numero di risposta
I tuoi punteggi nel tempo
Non hai fatto questo quiz